000 01730nam0a2200349 4500
001 RU\NLR\BIBL_A\022607836
005 20260324105725.0
010 _a978-5-04-177597-1
_93000
021 _aRU
_bАЛ-П-25-00787и
_9АЛ-П-25-0160
035 _a(NLR Aleph) 022607836
090 _a13643054
_c13643054
100 _a20250822d2025 u y0rusy50 ca
101 0 _arus
102 _aRU
105 _aac z 000yy
181 0 _ai2
_baxxe
181 0 _ab2
_bbb2e
182 0 _an
200 1 _aАзбука петербургских некрополей
_eкорабли, черепа, ангелы
_e[необычный иллюстрированный путеводитель]
_fЕлена Васильева
203 _aТекст
_aИзображение
_bвизуальные
_cнепосредственные
210 _aМосква
_cЭксмо, Бомбора
_d2025
215 _a220, [3] с.
_cил., цв. ил., портр.
_d25
225 1 _aПетербург
_iАрхитектура и история
606 1 _aГробницы и надгробные памятники русские
_yСанкт-Петербург, город
_jПутеводители
_2nlr_sh1
_2nlr_sh2
_3RU\NLR\AUTH\661411483
686 1 _aЩ133(2Р=Рус)5-461.6я23
700 1 _aВасильева
_bЕ. А.
_cнекрополист
_gЕлена Александровна
_3RU\NLR\AUTH\770283822
856 4 _lVNP_SKP
_tVIEW
_uhttps://webservices.nlr.ru/viewer/file?name=a022607836_002.txt
_yАннотация
856 4 1 _lVNP_SKP
_tVIEW
_uhttps://webservices.nlr.ru/viewer/file?name=t022607836_001.jpeg
_yОбложка
942 _cBOOK
980 4 _aVNP_SKP
980 _aNB